000 01418nam a22002657a 4500
999 _c5095
_d5095
003 AR-CdUCM
008 190312b ||||| |||| 00| 0 spa d
020 _a84-8387-020-7
040 _aMUNICIPALIDAD PROVINCIAL DEL CUSCO
_cBIBLIOTECA MUNICIPAL DEL CUSCO
082 _a498.5109 /
_bIT87
245 _aDel siglo de oro al siglo de las luces :
_b lenguaje y sociedad en los Andes del siglo XVIII /
260 _aCusco :
_bCentro de Estudios Regionales Andinos "Bartolomé de las Casas",
_c1995.
300 _a119 páginas ;
_c23 cm.
440 _aEstudio y debates regionales andinos.
_n89
_915504
500 _aUna selección de documentos y comentarios presentados en el V Coloquio Internacional del Grupo de Trabajo de Historia y Antropología Andinas (CLACSO), realizado en París del 26 al 29 de abril de 1993.
505 _aContenido: Acerca de la lengua chinchaysuyo -- Noticias y aportaciones linguisticas sobre el quechua en el siglo XVIII --- Discurso y actos de rebelión anticolonial: textos políticos del siglo XVIII en los andes -- Quechua y cultura en el Cuzco del siglo XVIII: de la "lengua general" al "idioma del imperio de los incas".
650 _aLengua quechua
_97426
650 _aHistoria
_9136
650 _aRegión Andina
_915505
650 _aLenguaje
_95227
650 _aAspectos sociales
_9262
700 _aItier, César (compilador)
_915506
942 _2ddc
_cLIBROS
945 _azta